LIBRARY & INFORMATION CENTRE, KCAET, TAVANUR

ONLINE PUBLIC ACCESS CATALOGUE (OPAC)

Irrigation Engineering / (Record no. 3201)

MARC details
000 -LEADER
fixed length control field 00464cam a2200193ua 4500
041 ## - LANGUAGE CODE
Language code of text/sound track or separate title eng
082 ## - DEWEY DECIMAL CLASSIFICATION NUMBER
Classification number 631.5871
Item number JOG/IR
100 ## - MAIN ENTRY--AUTHOR NAME
Personal name Joglekae, G D.
245 ## - TITLE STATEMENT
Title Irrigation Engineering /
250 ## - EDITION STATEMENT
Edition statement 1 /
260 ## - PUBLICATION, DISTRIBUTION, ETC. (IMPRINT)
Place of publication Poona :
Name of publisher United Book Corporation ,
Year of publication 1983.
300 ## - PHYSICAL DESCRIPTION
Number of Pages 500 ; .
942 ## - ADDED ENTRY ELEMENTS (KOHA)
Koha item type Books
Holdings
Withdrawn status Lost status Damaged status Home library Current library Date acquired Full call number Accession Number Koha item type
      KAUAET KAUAET 07/04/2012 631.5871 10697 Books
      KAUAET KAUAET 07/04/2012 631.5871 15703 Books
free website counter